Multiples of 10 Quiz - Statistics

General Stats
  • This quiz has been taken 691 times
  • The average score is 25 of 25
Answer Stats
Answer % Correct
10
100%
20
100%
30
100%
40
100%
50
100%
60
100%
70
100%
80
100%
90
100%
100
99%
110
99%
120
99%
130
99%
140
99%
150
99%
160
99%
170
99%
180
99%
190
99%
200
99%
210
99%
220
99%
240
99%
250
99%
230
98%
No matching quizzes found
Score Distribution
Percent of People with Each Score
Percentile by Number Answered
Your Score History
You have not taken this quiz